000 02086nam a2200229Ia 4500
003 IT-RoPAU
005 20220918175724.0
008 120407s9999 xx 000 0 und d
040 _aIT-RoPAU
040 _cIT-RoPAU
041 _aita
100 _aAlberione, Giacomo
_cssp
_914
245 _aIl cuore di D. Alberione per i Discepoli del Divin Maestro
_bDal "S. Paolo" 1933-1966
250 _a1° ed.
260 _c1975
_aAlba
_bSocietà San Paolo
300 _a166 p.
_c18 cm
490 _aUso manoscritto
500 _aCoordinati a cura di Fratel Celestino Mario Rizzo S.S.P.
520 _aINDICE Presentazione; Che vi vogliate bene, molto bene; I quattro punti, ossia le quattro ruote; "Donec formetur Christus in vobis"; Istanze varie; Missionari paolini Discepoli del Divin Maestro; Notizie varie: i Discepoli progrediscono; Il laico consacrato; Vocazioni dei Discepoli del Divin Maestro; L'Apostolato tecnico...; La preghiera; Dopo l'approvazione pontificia; Riprendere lo slancio degli inizi; Il modello del Discepolo: S. Giuseppe; Sempre maggiore unione...; Per i Discepoli; Le caratteristiche esterne del Discepolo; Il gran giorno dei Discepoli; Invito ai professionisti e alle elites; Testimonianza ai Paolini della prima ora; Ritocchi del 1956 alle Costituzioni per i Discepoli; I membri, l'abito religioso, la precedenza; Voto di fedeltà al Romano Pontefice; Peculiari doveri del superiore generale verso le Suore; Membri del Capitolo provinciale; Introduzione al primo Capitolo generale; I Discepoli aggregati all'Unione Missionaria del Clero; Vocazioni adulte; Il Discepolo del Divin Maestro; Ricordi di due importanti adunanze paoline; Nel 1964 come nel 1914; Giornata per i Discepoli di Gesù Maestro; 1.Meditazione; 2.Le vocazioni; 3.Formazione spirituale; 4.Formazione intellettuale; 5.Formazione apostolica; 6.Formazione umano-religiosa; 7.La vita religiosa; Il raduno del Consiglio Generalizio, Provinciali e Regionali; Vocazione religiosa all'Apostolato dei mezzi di comunicazione sociale; Il Sacerdote e il Discepolo.
942 _cBK
_2ddc
999 _c26846
_d26846